Score 0/10 Timer 01:30
0 Plays Today
% Correct
1800
89.6%
1979
77.6%
1989
73.1%
1854
68.7%
1984
68.7%
1910
64.2%
1967
62.7%
1971
59.7%
1992
49.3%
1997
44.8%
Remove Ads.
Support Sporcle.
Get the best of Sporcle when you Go Orange. This ad-free experience offers more features, more stats, and more fun while also helping to support Sporcle. Thank you for becoming a member.

You're not logged in!

Compare scores with friends on all Sporcle quizzes.
OR
Log In

Show Comments

Extras

Top Quizzes Today


Score Distribution

Your Account Isn't Verified!

In order to create a playlist on Sporcle, you need to verify the email address you used during registration. Go to your Sporcle Settings to finish the process.

Report this User

Report this user for behavior that violates our Community Guidelines.

Details: